书目信息 |
| 题名: |
企业管理与技术经济
|
|
| 作者: | 吴玉瑞 , 王嘉霖 主编 | |
| 分册: | ||
| 出版信息: | 武汉 华中理工大学出版社 1993.05 |
|
| 页数: | 319页 | |
| 开本: | 16开 | |
| 丛书名: | ||
| 单 册: | ||
| 中图分类: | F406.3 | |
| 科图分类: | ||
| 主题词: | 工业经济--经济理论 | |
| 电子资源: | ||
| ISBN: | 7-5609-0736-9 | |
| 000 | 00619nam0 2200205 45 | |
| 001 | 0008161168 | |
| 005 | 20000816110903.8 | |
| 010 | @a7-5609-0736-9@d15.50元 | |
| 100 | @a20000816d1993 km y0chiy0120 ea | |
| 101 | 0 | @achi |
| 105 | @a z 000yy | |
| 200 | 1 | @a企业管理与技术经济@AQi Ye Guan Li Yu Ji Shu Jing Ji@f吴玉瑞,王嘉霖主编@FWu Yu Rui,Wang Jia Lin Zhu Bian |
| 210 | @a武汉@c华中理工大学出版社@d1993.05 | |
| 215 | @a319页@d16开 | |
| 606 | 0 | @a工业经济@x经济理论 |
| 690 | @aF406.3@v3 | |
| 701 | 0 | @a吴玉瑞@4主编 |
| 701 | 0 | @a王嘉霖@4主编 |
| 801 | @aCN@bPftUser@c20000816 | |
| 905 | @b107291-295@dF406.3@eW747@f5 | |
| 企业管理与技术经济/吴玉瑞,王嘉霖主编.-武汉:华中理工大学出版社,1993.05 |
| 319页;16开 |
| ISBN 7-5609-0736-9:15.50元 |
| ● |
| 相关链接 |
|
|
|
正题名:企业管理与技术经济
索取号:F406.3/W747
 
预约/预借
| 序号 | 登录号 | 条形码 | 馆藏地/架位号 | 状态 | 备注 |
| 1 | 107291 | 201072917 | 社科库409/400B社科库 2排2列1层/ [索取号:F406.3/W747] | 在馆 | |
| 2 | 107292 | 201072926 | 社科库409/400B社科库 2排2列1层/ [索取号:F406.3/W747] | 在馆 | |
| 3 | 107293 | 201072935 | 社科库409/400B社科库 4排3列5层/ [索取号:F406.3/W747] | 在馆 | |
| 4 | 107294 | 201072944 | 社科库409/409社科库 34排1列1层/ [索取号:F406.3/W747] | 在馆 | |
| 5 | 107295 | 201072953 | 社科库409/409社科库 34排1列1层/ [索取号:F406.3/W747] | 在馆 |